000
00189 a2200097 4500
020
_a
9780064443104
041
_a
spa
100
_a
Satin Capucilli, Alyssa
245
_a
Bizcocho
942
_c
BK
999
_c
30115
_d
30113